Survey (Record no. 77362)
[ view plain ]
| 000 -LEADER | |
|---|---|
| fixed length control field | 00843cab a2200193 4500 |
| 001 - CONTROL NUMBER | |
| control field | ##L134081 |
| 008 - FIXED-LENGTH DATA ELEMENTS--GENERAL INFORMATION | |
| fixed length control field | 060707n2006 000 0 eng u |
| 035 ## - SYSTEM CONTROL NUMBER | |
| System control number | (Sirsi) u134081 |
| 041 #0 - LANGUAGE CODE | |
| Language code of text/sound track or separate title | eng |
| 245 00 - TITLE STATEMENT | |
| Title | Survey |
| Remainder of title | France |
| 260 ## - PUBLICATION, DISTRIBUTION, ETC. | |
| Date of publication, distribution, etc. | 2006 |
| 490 #0 - SERIES STATEMENT | |
| Series statement | EuroProperty |
| Volume/sequential designation | July 2006, 39-47(8) |
| 520 ## - SUMMARY, ETC. | |
| Summary, etc. | Looks at record investment in French property; the attraction of Paris to cash-rich property buyers despite rapidly falling yields; the growth in the listed property sector following the introduction of tax-transparent SIICs; and the scarcity of retail property product owing to restrictive planning laws and a buy-and-hold approach to investment. Table and graphs. |
| 590 ## - LOCAL NOTE (RLIN) | |
| Local note | IKA180706 |
| 651 #4 - SUBJECT ADDED ENTRY--GEOGRAPHIC NAME | |
| Geographic name | FRANCE |
| 651 #4 - SUBJECT ADDED ENTRY--GEOGRAPHIC NAME | |
| Geographic name | PARIS |
| 690 ## - LOCAL SUBJECT ADDED ENTRY--TOPICAL TERM (OCLC, RLIN) | |
| Topical term or geographic name as entry element | PROPERTY-COMMERCIAL PROPERTY-COMMERCIAL PROPERTY FINANCE AND INVESTMENT |
| 942 ## - ADDED ENTRY ELEMENTS (KOHA) | |
| Suppress in OPAC | 0 |
| Withdrawn status | Lost status | Source of classification or shelving scheme | Damaged status | Not for loan | Home library | Current library | Shelving location | Date acquired | Total Checkouts | Full call number | Barcode | Date last seen | Copy number | Price effective from | Koha item type |
|---|---|---|---|---|---|---|---|---|---|---|---|---|---|---|---|
| Dewey Decimal Classification | London | London | Journal article | 07/07/2006 | L134081 | 134081-1001 | 06/08/2019 | 1 | 06/08/2019 | Journal article |